000 00735cam a2200265 4500
999 _c8704
_d8704
001 8704
003 BD-JhCC
005 20180529103718.0
008 720314s1972 nyu b 001 0 eng
020 _a0155501186
035 _a(BD-JhCC)8704
040 _aDLC
_cDLC
_dDLC
_dBD-JhCC
041 _aeng
050 0 0 _aPE1585
_b.H36 1972
082 0 0 _a425
_bHAY 1972
100 1 _aHayakawa, S. I.
_q(Samuel IchiyƩ),
_d1906-1992.
245 1 0 _aLanguage in thought and action /
_c S. I. Hayakawa
250 _a3d ed.
260 _aNew York,
_bHarcourt Brace Jovanovich
_c[1972]
300 _axvii, 289 p.
_c22 cm.
504 _aBibliography: p. 275-278.
650 0 _aEnglish language
_xSemantics.
942 _2ddc
_cBK